Vista normal
Vista MARC
Entrada Materia (tema)
Número de registros utilizados en: 1
001 - CONTROL NUMBER
- control field: 178696
003 - CONTROL NUMBER IDENTIFIER
- control field: Co-BoUCM
005 - DATE AND TIME OF LATEST TRANSACTION
- control field: 20230901100248.0
008 - FIXED-LENGTH DATA ELEMENTS
- fixed length control field: 230901|| aca||aabn | a|a d
040 ## - CATALOGING SOURCE
- Original cataloging agency: Co-BoUCM
- Transcribing agency: Co-BoUCM
150 ## - HEADING--TOPICAL TERM
- Topical term or geographic name as entry element: Psicología aplicada
- General subdivision: Asertividad (Psicología)
670 ## - SOURCE DATA FOUND
- Source citation: Work cat.: (Co-BoUCM): Monjas Casares, María Inés 178695, Cómo promover la convivencia : , 2011